Eastern Utah Libraries Catalog: Duchesne, Heber, Roosevelt, & Vernal

Scooby-Doo 2 : monsters unleashed (Record no. 206407)

MARC details
000 -LEADER
fixed length control field 04433cgm a2200817Ia 4500
001 - CONTROL NUMBER
control field ocm55507463
003 - CONTROL NUMBER IDENTIFIER
control field OCoLC
005 - DATE AND TIME OF LATEST TRANSACTION
control field 20231227134902.0
007 - PHYSICAL DESCRIPTION FIXED FIELD--GENERAL INFORMATION
fixed length control field vd cvaizq
008 - FIXED-LENGTH DATA ELEMENTS--GENERAL INFORMATION
fixed length control field 040528s2004 cau093 g vleng d
020 ## - INTERNATIONAL STANDARD BOOK NUMBER
International Standard Book Number 079078288X
020 ## - INTERNATIONAL STANDARD BOOK NUMBER
International Standard Book Number 9780790782881
024 10 - OTHER STANDARD IDENTIFIER
Standard number or code 085392839926
024 1# - OTHER STANDARD IDENTIFIER
Standard number or code 012569441828
028 42 - PUBLISHER NUMBER
Publisher number 28399
Source Warner Home Video
029 1# - (OCLC)
OCLC library identifier AU@
System control number 000046473291
035 ## - SYSTEM CONTROL NUMBER
System control number (OCoLC)55507463
Canceled/invalid control number (OCoLC)57593322
037 ## - SOURCE OF ACQUISITION
Source of stock number/acquisition Midwest Tapes
Note http://www.midwesttapes.com
040 ## - CATALOGING SOURCE
Original cataloging agency TEFMT
Language of cataloging eng
Transcribing agency TEFMT
Modifying agency TEF
-- LEO
-- OCLCQ
-- OCL
-- BTCTA
-- OCLCQ
-- JED
-- OCLCQ
-- TWE
-- OCLCA
-- OCLCQ
-- OCLCO
-- BDX
-- KMS
-- OCLCF
-- GK8
-- OCL
-- UINTA
Description conventions
041 1# - LANGUAGE CODE
Language code of text/sound track or separate title eng
-- fre
-- spa
Language code of original and/or intermediate translations of text eng
049 ## - LOCAL HOLDINGS (OCLC)
Holding library UCLB
050 #4 - LIBRARY OF CONGRESS CALL NUMBER
Classification number PN1992.8.M6
Item number S38 2004
082 04 - DEWEY DECIMAL CLASSIFICATION NUMBER
Classification number 791.43/72
Edition number 22
092 ## - LOCALLY ASSIGNED DEWEY CALL NUMBER (OCLC)
Classification number EDVD
130 0# - MAIN ENTRY--UNIFORM TITLE
Uniform title Scooby Doo 2, monsters unleashed (Motion picture)
9 (RLIN) 52878
245 10 - TITLE STATEMENT
Title Scooby-Doo 2 : monsters unleashed
246 3# - VARYING FORM OF TITLE
Title proper/short title Scooby-Doo two
250 ## - EDITION STATEMENT
Edition statement Widescreen ed.
257 ## - COUNTRY OF PRODUCING ENTITY FOR ARCHIVAL FILMS
Country of producing entity United States.
260 ## - PUBLICATION, DISTRIBUTION, ETC. (IMPRINT)
Place of publication, distribution, etc Burbank, CA :
Name of publisher, distributor, etc Warner Home Video,
Date of publication, distribution, etc c2004.
264 ## - Production, Publication, Distribution, Manufacture, and Copyright Notice.
Place of production, publication, distribution, manufacture Burbank, CA :
Name of producer, publisher, distributor, manufacturer Warner Bros. ; Mosaic Media Group ; producers, Charles Roven, Richard Suckle ; written by James Gunn ; directed by Raja Gosnell.
Date of production, publication, distribution, manufacture, or copyr 2004
300 ## - PHYSICAL DESCRIPTION
Extent 1 videodisc (ca. 93 min.) :
Other physical details sd., col. ;
Dimensions 4 3/4 in.
500 ## - GENERAL NOTE
General note Based on the characters created by William Hanna and Joseph Barbera.
500 ## - GENERAL NOTE
General note Special features: additional scenes: 10 minutes with director's commentary; "True ghoul Hollywood story" documentary; "Dancing dog" documentary; "Triple threat" featurette; The 'Scooby-Doo Monsters unleashed' challenge interactive menus; Big Brovaz "Thank you falletin me be mice elf again" music video; Simple Plan "Don't wanna think about you" music video; behind the mystery mystery: the mystery of the missing pants - who stole Shaggy's pants.
508 ## - CREATION/PRODUCTION CREDITS NOTE
Creation/production credits note Director of photography, Oliver Wood ; editor, Kent Beyda ; music, David Newman ; costume designer, Leesa Evans ; production designer, Bill Boes ; visual effects supervisor, Peter Crosman.
511 1# - PARTICIPANT OR PERFORMER NOTE
Participant or performer note Freddie Prinze, Jr., Sarah Michelle Gellar, Matthew Lillard, Linda Cardellini, Seth Green, Peter Boyle, Tim Blake Nelson, Alicia Silverstone.
520 ## - SUMMARY, ETC.
Summary, etc The reunited Mystery, Inc. team return to their hometown of Coolsville as heroes where the local criminology museum offers an exhibition of the many ghostly disguises used by villains they've subdued over the years. Their warm welcome is short lived when a mean-spirited reporter airs a series of stories calling the teams abilities into question. To make matters worse, a number of the weird creature costumes are coming to life and wrecking havoc on the people of Coolsville.
521 8# - TARGET AUDIENCE NOTE
Target audience note MPAA rating: PG; for some scary action, rude humor and language.
538 ## - SYSTEM DETAILS NOTE
System details note DVD, Region 1, widescreen (1.85:1) presentation; Dolby Digital 5.1 surround.
546 ## - LANGUAGE NOTE
Language note English, dubbed French or dubbed Spanish dialogue, French or Spanish subtitles; closed-captioned.
650 #0 - SUBJECT ADDED ENTRY--TOPICAL TERM
Topical term or geographic name as entry element Scooby-Doo (Fictitious character)
Form subdivision Juvenile films.
9 (RLIN) 6356851
650 #0 - SUBJECT ADDED ENTRY--TOPICAL TERM
Topical term or geographic name as entry element Criminal investigation
Form subdivision Juvenile films.
9 (RLIN) 6368157
650 #0 - SUBJECT ADDED ENTRY--TOPICAL TERM
Topical term or geographic name as entry element Museums
General subdivision Acquisitions
Form subdivision Juvenile films.
9 (RLIN) 6479399
650 #1 - SUBJECT ADDED ENTRY--TOPICAL TERM
Topical term or geographic name as entry element Scooby-Doo (Fictitious character)
Form subdivision Fiction.
650 #7 - SUBJECT ADDED ENTRY--TOPICAL TERM
Topical term or geographic name as entry element Scooby-Doo (Personaje literario)
Form subdivision Teatro.
Source of heading or term bidex
9 (RLIN) 6479400
650 #7 - SUBJECT ADDED ENTRY--TOPICAL TERM
Topical term or geographic name as entry element Criminal investigation.
Source of heading or term fast
650 #7 - SUBJECT ADDED ENTRY--TOPICAL TERM
Topical term or geographic name as entry element Museums
General subdivision Acquisitions.
Source of heading or term fast
9 (RLIN) 88197
650 #7 - SUBJECT ADDED ENTRY--TOPICAL TERM
Topical term or geographic name as entry element Scooby-Doo (Fictitious character)
Source of heading or term fast
655 #7 - INDEX TERM--GENRE/FORM
Genre/form data or focus term Feature films.
Source of term lcgft
655 #7 - INDEX TERM--GENRE/FORM
Genre/form data or focus term Video recordings for the hearing impaired.
Source of term lcgft
655 #7 - INDEX TERM--GENRE/FORM
Genre/form data or focus term Feature films.
Source of term fast
655 #7 - INDEX TERM--GENRE/FORM
Genre/form data or focus term Juvenile works.
Source of term fast
9 (RLIN) 5673941
655 #7 - INDEX TERM--GENRE/FORM
Genre/form data or focus term Motion pictures.
Source of term fast
655 #7 - INDEX TERM--GENRE/FORM
Genre/form data or focus term Video recordings for the hearing impaired.
Source of term fast
700 1# - ADDED ENTRY--PERSONAL NAME
Personal name Roven, Charles.
9 (RLIN) 77282
700 1# - ADDED ENTRY--PERSONAL NAME
Personal name Suckle, Richard.
9 (RLIN) 5938720
700 1# - ADDED ENTRY--PERSONAL NAME
Personal name Gunn, James,
Dates associated with a name 1970-
9 (RLIN) 58679
700 1# - ADDED ENTRY--PERSONAL NAME
Personal name Gosnell, Raja.
9 (RLIN) 1029
700 1# - ADDED ENTRY--PERSONAL NAME
Personal name Prinze, Freddie,
Titles and other words associated with a name Jr.
9 (RLIN) 64857
700 1# - ADDED ENTRY--PERSONAL NAME
Personal name Gellar, Sarah Michelle,
Dates associated with a name 1977-
9 (RLIN) 47220
700 1# - ADDED ENTRY--PERSONAL NAME
Personal name Lillard, Matthew,
Dates associated with a name 1970-
9 (RLIN) 64011
700 1# - ADDED ENTRY--PERSONAL NAME
Personal name Cardellini, Linda,
Dates associated with a name 1975-
9 (RLIN) 77106
700 1# - ADDED ENTRY--PERSONAL NAME
Personal name Green, Seth,
Dates associated with a name 1974-
9 (RLIN) 23732
700 1# - ADDED ENTRY--PERSONAL NAME
Personal name Nelson, Tim Blake.
9 (RLIN) 47206
700 1# - ADDED ENTRY--PERSONAL NAME
Personal name Silverstone, Alicia.
9 (RLIN) 61792
700 1# - ADDED ENTRY--PERSONAL NAME
Personal name Wood, Oliver.
9 (RLIN) 60436
700 1# - ADDED ENTRY--PERSONAL NAME
Personal name Beyda, Kent.
9 (RLIN) 69786
700 1# - ADDED ENTRY--PERSONAL NAME
Personal name Evans, Leesa.
9 (RLIN) 69787
700 1# - ADDED ENTRY--PERSONAL NAME
Personal name Barbera, Joseph.
942 ## - ADDED ENTRY ELEMENTS (KOHA)
Source of classification or shelving scheme Dewey Decimal Classification
Koha item type DVD
Holdings
Withdrawn status Lost status Source of classification or shelving scheme Damaged status Not for loan Collection code Home library Current library Shelving location Date acquired Source of acquisition Cost, normal purchase price Total Checkouts Total Renewals Full call number Barcode Checked out Date last seen Date checked out Cost, replacement price Price effective from Koha item type
    Dewey Decimal Classification     Children Movies Wasatch County Library Wasatch County Library Audio Visual Area 02/28/2020 Donation 9.50 35 44 E DVD Sco 34301001681347 03/29/2026 03/09/2026 03/09/2026 9.50 03/20/2020 DVD
This project was made possible through a grant from the Institute of Museum and Library Service administered by the Utah State Library Division.

Wasatch County Library

  • 465 East 1200 South, Heber City, Utah 84032
  • Phone 435-654-1511 | Fax 435-654-6456

Hours

  • Monday - Friday 9:30 AM - 8:00 PM
  • Saturday 9:30 AM - 1:30 PM
  • Closed Sundays and Holidays